Normal view
MARC view
- التعلم-الوسائل التعليمية
Entry Topical Term
001 - CONTROL NUMBER
- control field: 20611
003 - CONTROL NUMBER IDENTIFIER
- control field: JO-AjAnu
005 - DATE AND TIME OF LATEST TRANSACTION
- control field: 20230606073601.0
008 - FIXED-LENGTH DATA ELEMENTS
- fixed length control field: 230606|| aca||aabn | a|a d
040 ## - CATALOGING SOURCE
- Original cataloging agency: JO-AjAnu
- Transcribing agency: JO-AjAnu
150 ## - HEADING--TOPICAL TERM
- Topical term or geographic name entry element: التعلم-الوسائل التعليمية
670 ## - SOURCE DATA FOUND
- Source citation: Work cat.: (JO-AjAnu)10583: الزيود،نادر فهمي مؤلف/هندي،صالح ذياب م.مشارك/عليان،هشام عامر م.مشارك/كوافحة،تيسير مفلح م.مشارك, author 20610, التعلم والتعليم الصفي